000 00205 a2200109 4500
020 _a9788466214223
041 _aspa
100 _aAnonimo
245 _aAprendo los contrarios
942 _cBK
952 _71
999 _c21891
_d21891